Paesi al meridiano ovest di 150 gradi - Statistics

Statistiche generali
  • Questo quiz è stato fatto 21 volte
  • Il punteggio medio è 11 su 20
Statistiche sulle risposte
gradi nazione % Corretto
Stati Uniti
100%
9.00° Canada
90%
32.88° Messico
70%
56.36° Australia
65%
40.55° Cile
65%
28.75° Figi
60%
0.19° Kiribati
60%
46.96° Micronesia
60%
26.16° Nuova Zelanda
60%
21.43° Samoa
60%
23.90° Tonga
60%
43.04° Nauru
55%
18.98° Russia
55%
37.83° Isole Marshall
50%
30.13° Tuvalu
50%
43.87° Isole Salomone
45%
39.76° Vanuatu
45%
54.05° Papua Nuova Guinea
40%
7.32° Isole Cook
30%
19.78° Niue
25%
Nessun quiz corrispondente trovato
Distribuzione punteggi
Percentuale di utenti per punteggio
Percentile per numero di risposta
I tuoi punteggi nel tempo
Non hai fatto questo quiz